Positivismo constitucional
محفوظ في:
| المؤلف الرئيسي: | |
|---|---|
| التنسيق: | كتاب |
| اللغة: | الإسبانية |
| منشور في: |
Lima
Palestra
2016
|
| الطبعة: | 1a. ed |
| سلاسل: | Postpositivismo y Derecho, 8
|
| الموضوعات: | |
| الوسوم: |
إضافة وسم
لا توجد وسوم, كن أول من يضع وسما على هذه التسجيلة!
|
MARC
| LEADER | 00000cam a2200000 a 4500 | ||
|---|---|---|---|
| 001 | UCD5720 | ||
| 003 | CL-VaPUC | ||
| 008 | 161007e20160000pe |||||||||||||||||spa|d | ||
| 020 | |a 9786124218583 | ||
| 082 | 0 | 4 | |a 340.109 |b SCH |2 21 |
| 100 | 0 | |a Schauer, Frederick |e author |9 461189 | |
| 245 | 1 | 0 | |a Positivismo constitucional |
| 250 | |a 1a. ed | ||
| 300 | |a 92 p | ||
| 942 | |c BK | ||
| 945 | |d 20161007 09:49:00 |a dcastane | ||
| 260 | |a Lima |b Palestra |c 2016 | ||
| 650 | 0 | |a Filosofía del derecho |9 255050 | |
| 650 | 0 | |a Positivismo jurídico |9 255992 | |
| 650 | 0 | |a Derecho constitucional |9 222588 | |
| 583 | |a last modification |c 20161007 09:49:00 |k Rodrigo Vera | ||
| 490 | 0 | |a Postpositivismo y Derecho, 8 | |
| 999 | |c 366306 |d 366304 | ||
| 952 | |0 0 |1 0 |3 erb |4 0 |6 340_109000000000000_SCH_2016 |7 0 |8 A |9 480443 |a BIBDER |b BIBDER |i 5343828 |o 340.109 SCH 2016 |p 5343828 |r 2023-01-25 |w 2019-11-24 |y BK |z Catalogado en:20161007 |k DER | ||